Before and After #1 - Statistics

General Stats
  • This quiz has been taken 23 times
  • The average score is 6 of 10
Answer Stats
Hint Answer % Correct
A morning person's go-to cup and a criminal's serious picture before bars. Coffee mug shot
90%
A form of cardio consisting of jumping in place with swinging arms and a festive pumpkin with a light inside. Jumping Jack o' lantern
85%
Using the cold weather to create projectiles and the tiny round tip of your pen. Snow ball point
85%
A bright tool to see in the dark and the distance to the Oort Cloud in the Solar System. Flash light year
80%
What you would call someone from Cape Town and a large, native "stomper" with a trunk South African Elephant
70%
A hungry shark with a distance between the eyes, and a dangerous move to cut off the neck's blood flow on your opponent. Hammer head lock
50%
The action of communicating like a local from France and what the British call "chips". Speaking French Fries
50%
A tool to shave down your "scratchers" and a drawer to keep the archives. Nail file cabinet
40%
Reaching more than 1,200 mph in the sky as a military aircraft and a popular quiz website which also used to be about aviation Fighter Jet Punk
30%
What you add to raw veggies when they get bland and wearing formal clothes for your dinner. Salad dressing up
30%
No matching quizzes found
Score Distribution
Percent of People with Each Score
Percentile by Number Answered
Your Score History
You have not taken this quiz